[Event "Cairo Egyptian op"]
[Site "Cairo"]
[Date "2016.04.23"]
[Round "2"]
[White "Taha, Shereif"]
[Black "Aboutail, Mohamed"]
[Result "0-1"]
[WhiteElo "1784"]
[BlackElo "2078"]
[PlyCount "71"]
[EventDate "2016.04.22"]
[EventType "swiss"]
[EventRounds "9"]
[EventCountry "EGY"]
[SourceTitle "CBM 172 Extra"]
[Source "ChessBase"]
[SourceDate "2016.06.21"]
[SourceVersion "1"]
[SourceVersionDate "2016.06.21"]
[SourceQuality "1"]

1. e4 c5 2. c4 Nc6 3. f4 g6 4. Nf3 Bg7 5. Nc3 d6 6. Be2 e6 7. 0-0 Nge7 8. g4 f5 9. gxf5 gxf5 10. Ng5 0-0 11. d3 b6 12. Qe1 h6 13. Nf3 Bb7 14. Qh4 Nd4 15. Bd1 Nec6 16. Qh3 Qf6 17. Kh1 Nb4 18. Nh4 Nxd3 19. Nxf5 exf5 20. Qxd3 fxe4 21. Qe3 Nf5 22. Qh3 Rae8 23. Bh5 e3+ 24. Kg1 Re7 25. Rb1 Qe6 26. Nd5 Bxd5 27. cxd5 Qe4 28. Bxe3 Qxe3+ 29. Qxe3 Nxe3 30. Rf3 Nxd5 31. f5 Bd4+ 32. Kh1 Rg7 33. Re1 Rg5 34. Rh3 Nf4 35. Bf7+ Kxf7 36. Rxh6 0-1